Imagining the middle class : the political representation of class in Britain, c. 1780-1840

Αποθηκεύτηκε σε:
Λεπτομέρειες βιβλιογραφικής εγγραφής
Κύριος συγγραφέας: Wahrman, Dror
Μορφή: Βιβλίο
Γλώσσα:English
Δημοσίευση: Cambridge : Cambridge University Press, 1995
Θέματα:
Ετικέτες: Προσθήκη ετικέτας
Δεν υπάρχουν, Καταχωρήστε ετικέτα πρώτοι!

MARC

LEADER 00000nam a2200000 i 4500
001 1/6007
008 960620s1995 eng d
020 |a 0-521-47127-3 
035 |l 10016204 
040 |a GR-MY-UA  |b gre  |e aacr 
041 0 |a eng 
082 0 |a 305.55 
100 1 |a Wahrman, Dror. 
245 1 0 |a Imagining the middle class :  |b the political representation of class in Britain, c. 1780-1840 /  |c Dror Wahrman 
260 |a Cambridge :   |b Cambridge University Press,   |c 1995 
300 |a 428 p.  |b ill 
504 |a Includes index 
650 0 0 |a Middle class  |z Great Britain  |x History  |y 18th century. 
650 0 0 |a Middle class  |z Great Britain  |x History  |y 19th century. 
651 0 |a Great Britain  |x Politics and government  |y 18th century. 
651 0 |a Great Britain  |x Politics and government  |y 19th century. 
852 |a INST  |b LESVOS  |e 19960620  |h 305.55 WAH  |p 005100009887  |q 005100009887  |t BK  |y 0 
909 |a Λ  |b 043795